Latex rubber, natural concentrate- Determination of mechanical stability (Record no. 74132)

MARC details
000 -LEADER
fixed length control field 00402nam a2200121Ia 4500
245 #0 - TITLE STATEMENT
Title Latex rubber, natural concentrate- Determination of mechanical stability
260 ## - PUBLICATION, DISTRIBUTION, ETC. (IMPRINT)
Place of publication Switzerland
260 ## - PUBLICATION, DISTRIBUTION, ETC. (IMPRINT)
Year of publication 1995
Name of publisher International Organization for Standardization
500 ## - GENERAL NOTE
General note Standard number: ISO 35. Ed 4
650 ## - SUBJECT ADDED ENTRY--TOPICAL TERM
Topical Term Latex mechanical stability
942 ## - ADDED ENTRY ELEMENTS (KOHA)
Koha item type Standards
Holdings
Withdrawn status Lost status Damaged status Not for loan Home library Current library Date acquired Koha item type
      Standards RRII Library RRII Library 31/12/2021 Standards